• 首页
  • 本馆介绍
  • 公告通知
  • 最新文献
  • 馆藏检索
  • 电子资源
  • 读者导购
  • 参考咨询
  • 我的图书馆
  • 登录
  • 详细信息显示
  • 放入我的书架
  • 预约/预借图书
  • 作者相关作品
  • 分类相关作品
  • 丛书相关作品
  • 出版社相关作品

书目信息

  • 表格格式
  • 工作单格式
  • 卡片格式
题名:
杜威道德教育思想研究
    
 
作者: 陈春莲 著
分册:  
出版信息: 北京   中国社会出版社  2017
页数: 218页
开本: 25cm
丛书名: 大学经典文库
单 册:
中图分类: G40-097.12
科图分类:
主题词: 教育思想--jiao yu si xiang--研究--美国--现代
电子资源:
ISBN: 978-7-5087-5547-2
000 01201nam 2200301 450
001 012001004529
005 20141124152431.0
010    @a978-7-5087-5547-2@dCNY68.00
099    @aCAL 012017073531
100    @a20170419d2017 em y0chiy50 ea
101 0  @achi
102    @aCN@b110000
105    @ay a 000yy
106    @ar
200 1  @a杜威道德教育思想研究@Adu wei dao de jiao yu si xiang yan jiu@f陈春莲著
210    @a北京@c中国社会出版社@d2017
215    @a218页@d25cm
225 2  @a大学经典文库@Ada xue jing dian wen ku
314    @a陈春莲, 安徽省安庆市人, 教授, 中国人民大学哲学博士。
320    @a有书目 (第213-218页)
330    @a约翰·杜威是美国20世纪著名的哲学家、教育家之一, 同时也是西方道德教育领域最有影响的代表人物之一, 他系统地提出了自己关于道德教育的理论。主要内容包括: 杜威道德教育思想的社会背景、理论资源和理论基础概述 ; 杜威道德教育思想的解读与诠释等。
410  0 @12001 @a大学经典文库
600  1 @a杜威@Adu wei@g(Dewey, John),@f1859-1952@x教育思想@x研究
606 0  @a教育思想@Ajiao yu si xiang@x研究@y美国@z现代
690    @aG40-097.12@v5
701  0 @a陈春莲@Achen chun lian@4著
801  2 @aCN@b江苏凤凰@c20191020
905    @b1219793-6@dG40-097.12@e1073@f4
    
    杜威道德教育思想研究/陈春莲著.-北京:中国社会出版社,2017
    218页;25cm.-(大学经典文库)
    
    
    ISBN 978-7-5087-5547-2:CNY68.00
    约翰·杜威是美国20世纪著名的哲学家、教育家之一, 同时也是西方道德教育领域最有影响的代表人物之一, 他系统地提出了自己关于道德教育的理论。主要内容包括: 杜威道德教育思想的社会背景、理论资源和理论基础概述 ; 杜威道德教育思想的解读与诠释等。
●
相关链接 在E读中查询图书 在五车中查询图书 在当当中查询图书 在豆瓣中查询图书


正题名:杜威道德教育思想研究     索取号:G40-097.12/1073         预约/预借

序号 登录号 条形码 馆藏地/架位号 状态 备注
1 1219793   212197932   第一样本阅览室/ [索取号:G40-097.12/1073] 在馆    
2 1219794   212197941   教育系资料室/ [索取号:G40-097.12/1073] 在馆    
3 1219795   212197950   教育系资料室/ [索取号:G40-097.12/1073] 在馆    
4 1219796   212197969   第四借阅区/ [索取号:G40-097.12/1073] 在馆    
唐山师范学院图书馆 欢迎您!
大连网信软件有限公司© 版权所有